000 00514nam a22001697a 4500
003 OSt
005 20180116183028.0
008 151216b xxu||||| |||| 00| 0 eng d
040 _cLahore LUMS
082 _a174.4 LUM 1997
100 _aSipra N, Shami S
245 _aPRIVATE EYE HOSPITAL: A FEASIBILITY STUDY
_cSipra N, Shami S
260 _aLahore LUMS
_b Lahore University of Management Sciences
_c1997
300 _a16 p.
_bPapers
440 _aPRIVATE EYE HOSPITAL: A FEASIBILITY STUDY
942 _2ddc
_cCS
999 _c350891
_d350891